Panorama antológico de poetisas españolas, siglos XV al XX / (Record no. 117528)

MARC details
000 -LEADER
campo de control de longitud fija 00722nam a2200217 4500
001 - NÚMERO DE CONTROL
campo de control 117528
003 - IDENTIFICADOR DE NÚMERO DE CONTROL
campo de control ES-MaACL
005 - FECHA Y HORA DE LA ÚLTIMA TRANSACCIÓN
campo de control 20240429142351.0
007 - CAMPO FIJO DE DESCRIPCIÓN FÍSICA--INFORMACIÓN GENERAL
campo de control de longitud fija t|
008 - DATOS DE LONGITUD FIJA--INFORMACIÓN GENERAL
campo de control de longitud fija 070214s1987 sp r ||||1| spa d
245 00 - MENCIÓN DEL TÍTULO
Título Panorama antológico de poetisas españolas, siglos XV al XX /
Mención de responsabilidad, etc. [selección de] Luzmaría Jiménez Faro ; [prólogo, Florencio Martínez Ruiz].
250 ## - MENCION DE EDICION
Mención de edición 1ª ed.
260 ## - PUBLICACIÓN, DISTRIBUCIÓN, ETC.
Lugar de publicación, distribución, etc. Madrid :
Nombre del editor, distribuidor, etc. Torremozas,
Fecha de publicación, distribución, etc. 1987.
300 ## - DESCRIPCIÓN FÍSICA
Extensión 333 p. ;
Dimensiones 21 cm.
490 1# - MENCIÓN DE SERIE
Mención de serie Antologías ;
Designación de volumen o secuencia 2
700 0# - ENTRADA AGREGADA--NOMBRE PERSONAL
Nombre de persona Jiménez Faro, Luzmaría,
Fechas asociadas al nombre 1937-2015
9 (RLIN) 66520
700 1# - ENTRADA AGREGADA--NOMBRE PERSONAL
Nombre de persona Martínez Ruiz, Florencio.
9 (RLIN) 78387
830 0# - PUNTO DE ACCESO ADICIONAL DE SERIE-TÍTULO UNIFORME
Título uniforme Antologías ;
Designación de volumen o secuencia 2
9 (RLIN) 186401
852 ## - LOCALIZACIÓN
Ubicación ES-MaACL
Número de control de estantería L-11745
Sublocalización o colección R.113522
Holdings
Estatus retirado Estado de pérdida Estado de daño No para préstamo Biblioteca de origen Biblioteca actual Ubicación en estantería Fecha de adquisición Fuente de adquisición Total de préstamos Signatura topográfica completa Código de barras Visto por última vez Precio de reemplazo Tipo de ítem Koha
        Biblioteca del Ateneo de Madrid Biblioteca del Ateneo de Madrid Depósito 2 17/01/2008     L-11745 1122531 23/02/2023 23/02/2023 Libro impreso